[Event "CZE-ch U16 Girls"]
[Site "Kouty nad Desnou"]
[Date "2024.03.16"]
[Round "9"]
[White "Janouskova, Adela"]
[Black "Urvalkova, Ema"]
[Result "1-0"]
[WhiteElo "1684"]
[BlackElo "1496"]
[PlyCount "65"]
[EventDate "2024.03.09"]
[EventType "swiss"]
[EventRounds "9"]
[EventCountry "CZE"]
[SourceTitle "CB12_2024"]
[SourceDate "2023.10.01"]
[SourceVersion "1"]
[SourceVersionDate "2023.10.01"]
[SourceQuality "1"]

1. e4 c6 2. d4 d5 3. e5 Bf5 4. h4 h5 5. Bd3 Bxd3 6. Qxd3 e6 7. Bg5 Be7 8. Nf3 Nd7 9. Nbd2 Nb6 10. 0-0 Qc7 11. c4 dxc4 12. Nxc4 Nd5 13. Bxe7 Ngxe7 14. Nd6+ Kf8 15. Ng5 Nf4 16. Qf3 Ned5 17. g3 Ng6 18. Nxe6+ Kg8 19. Nxc7 Nxc7 20. Qxf7+ Kh7 21. Qxc7 Rab8 22. Nf5 Rhg8 23. Ne7 Nxe7 24. Qxe7 Rge8 25. Qg5 g6 26. f4 Rg8 27. f5 Rg7 28. fxg6+ Kg8 29. Rf7 Re8 30. Rxg7+ Kxg7 31. Rf1 Kg8 32. Qh6 c5 33. Qh7# 1-0

[Event "CZE-ch U16 Girls"]
[Site "Kouty nad Desnou"]
[Date "2024.03.14"]
[Round "7"]
[White "Hetfleischova, Elen"]
[Black "Janouskova, Adela"]
[Result "1-0"]
[WhiteElo "1699"]
[BlackElo "1684"]
[PlyCount "69"]
[EventDate "2024.03.09"]
[EventType "swiss"]
[EventRounds "9"]
[EventCountry "CZE"]
[SourceTitle "CB12_2024"]
[SourceDate "2023.10.01"]
[SourceVersion "1"]
[SourceVersionDate "2023.10.01"]
[SourceQuality "1"]

1. d4 f5 2. Nc3 e6 3. Nf3 Nf6 4. Bf4 d6 5. e3 Be7 6. Bd3 0-0 7. Qe2 c6 8. 0-0-0 b5 9. h3 Qa5 10. a3 b4 11. axb4 Qxb4 12. g4 a5 13. gxf5 a4 14. Na2 Qb6 15. h4 Na6 16. Qd2 Rb8 17. c3 Qb3 18. Nb4 Nxb4 19. cxb4 Nd5 20. Bc2 Qa2 21. f6 Rxf6 22. Qd3 g6 23. Qa3 Qc4 24. Nd2 Qxb4 25. Ne4 Rf8 26. Bh6 Rd8 27. h5 Qb6 28. hxg6 hxg6 29. Rdg1 Nb4 30. Rxg6+ Kf7 31. Rg7+ Ke8 32. Bg5 Rd7 33. Rh8+ Bf8 34. Nf6+ Kd8 35. Nd5+ 1-0

[Event "CZE-ch U16 Girls"]
[Site "Kouty nad Desnou"]
[Date "2024.03.11"]
[Round "3"]
[White "Janouskova, Adela"]
[Black "Kaplanova, Dominika"]
[Result "0-1"]
[WhiteElo "1684"]
[BlackElo "1837"]
[PlyCount "102"]
[EventDate "2024.03.09"]
[EventType "swiss"]
[EventRounds "9"]
[EventCountry "CZE"]
[SourceTitle "CB12_2024"]
[SourceDate "2023.10.01"]
[SourceVersion "1"]
[SourceVersionDate "2023.10.01"]
[SourceQuality "1"]

1. e4 c6 2. c4 d5 3. cxd5 cxd5 4. exd5 Nf6 5. Nc3 Nxd5 6. Nf3 Nc6 7. d4 e6 8. Bd3 Be7 9. 0-0 0-0 10. Re1 h6 11. a3 Bf6 12. Bc2 Nde7 13. Qd3 Ng6 14. Be3 Re8 15. Rad1 Nce7 16. Ne4 Nd5 17. Nxf6+ Nxf6 18. Qe2 Ne7 19. Ne5 Ned5 20. Qf3 Bd7 21. Qg3 Nxe3 22. fxe3 Re7 23. Rf1 Kf8 24. Rf2 Bb5 25. a4 Bc6 26. Rdf1 Rc7 27. Ng4 Nxg4 28. Qxg4 Kg8 29. Rf6 h5 30. Qg5 Qd5 31. Qg3 Qxg2+ 32. Qxg2 Bxg2 33. Kxg2 Rxc2+ 34. R6f2 Rac8 35. Kg3 Rxf2 36. Rxf2 Rc4 37. Rd2 Rxa4 38. e4 Kf8 39. Kf4 f6 40. h4 Rc4 41. Ke3 Rc1 42. Rh2 Rg1 43. Kf3 Ke7 44. Ke3 Rg3+ 45. Kd2 Kd6 46. Ke2 Rb3 47. Kf1 Re3 48. Re2 Rxe2 49. Kxe2 f5 50. Kf3 g6 51. Kf4 a5 0-1

[Event "CZE-ch U16 Girls"]
[Site "Kouty nad Desnou"]
[Date "2024.03.10"]
[Round "2"]
[White "Vacekova, Anita"]
[Black "Janouskova, Adela"]
[Result "1-0"]
[WhiteElo "1783"]
[BlackElo "1684"]
[PlyCount "129"]
[EventDate "2024.03.09"]
[EventType "swiss"]
[EventRounds "9"]
[EventCountry "CZE"]
[SourceTitle "CB12_2024"]
[SourceDate "2023.10.01"]
[SourceVersion "1"]
[SourceVersionDate "2023.10.01"]
[SourceQuality "1"]

1. e4 c5 2. Nf3 Nc6 3. d4 cxd4 4. Nxd4 Nf6 5. Nc3 g6 6. Be3 Bg7 7. Bc4 0-0 8. Qd2 d6 9. f3 Bd7 10. h4 h5 11. 0-0-0 Rb8 12. g4 Ne5 13. Bb3 b5 14. Bg5 hxg4 15. Bxf6 Bxf6 16. Nd5 Bg7 17. h5 Nc4 18. Qg5 f6 19. Qxg6 Qe8 20. Nf5 Bxf5 21. exf5 Qxg6 22. Nxe7+ Kf7 23. Nxg6 Bh6+ 24. Kb1 Rfd8 25. fxg4 d5 26. Rhe1 Rb7 27. Re2 Rdd7 28. Bxc4 dxc4 29. Rxd7+ Rxd7 30. a3 Bg5 31. Ka2 Bh6 32. Re4 Bg5 33. a4 a6 34. Re6 Ra7 35. Ka3 Bd2 36. c3 bxa4 37. Kxa4 Rb7 38. Rc6 Rxb2 39. Rxc4 Kg7 40. Rc7+ Kh6 41. Nh8 Kg5 42. Nf7+ Kxg4 43. h6 Bxh6 44. Nxh6+ Kg5 45. Rh7 Rc2 46. Kb3 Rc1 47. Kb2 Rd1 48. c4 Rd4 49. Kc3 Rd1 50. Kb4 Rc1 51. c5 a5+ 52. Kb5 a4 53. c6 a3 54. Ra7 Kxh6 55. Rxa3 Kg5 56. Kb6 Kxf5 57. Ra5+ Ke6 58. Kb7 Rb1+ 59. Kc8 f5 60. c7 f4 61. Kd8 Rd1+ 62. Ke8 Rc1 63. Ra6+ Kf5 64. Kd7 f3 65. Rc6 1-0

[Event "Wch U16 Girls"]
[Site "Montesilvano"]
[Date "2023.11.13"]
[Round "1"]
[White "Hubert, Charlotte"]
[Black "Janouskova, Adela"]
[Result "1-0"]
[WhiteElo "1881"]
[BlackElo "1534"]
[PlyCount "107"]
[EventDate "2023.11.13"]
[EventType "swiss"]
[EventRounds "11"]
[EventCountry "ITA"]
[SourceTitle "CB48_2023"]
[SourceDate "2023.11.29"]
[SourceVersion "1"]
[SourceVersionDate "2023.11.29"]
[SourceQuality "1"]

1. e4 c5 2. Nf3 d6 3. d4 cxd4 4. Nxd4 Nf6 5. Nc3 g6 6. Be3 Bg7 7. f3 0-0 8. Qd2 Nc6 9. Bc4 Bd7 10. Bb3 Na5 11. g4 Rb8 12. 0-0-0 b5 13. h4 h5 14. g5 Ne8 15. f4 Nc4 16. Bxc4 bxc4 17. Nce2 Qb6 18. c3 Qa5 19. Kb1 Nc7 20. f5 Na6 21. f6 exf6 22. gxf6 Bxf6 23. Rdf1 Bg7 24. Nf5 Bxf5 25. exf5 Nc5 26. Bxc5 Qxc5 27. f6 Bh8 28. Nd4 Rb6 29. Rf5 Qa3 30. Ka1 Qa4 31. Rhf1 d5 32. Qh6 Ra6 33. a3 Rb8 34. Ka2 Rab6 35. R1f2 Qa6 36. Qg5 Qb7 37. Qg2 Rd8 38. Qg5 Rb8 39. Qg2 Rd8 40. R5f4 Rdd6 41. Nf5 Rxf6 42. Qg5 Bg7 43. Nxg7 Rxf4 44. Qxf4 Kxg7 45. Qe5+ f6 46. Qe8 Qf7 47. Qd8 Rc6 48. Rd2 Rc5 49. Qd6 Ra5 50. Re2 Kh6 51. Re7 Qg8 52. Qf4+ g5 53. Qxf6+ Qg6 54. hxg5# 1-0

[Event "Piestany op-B"]
[Site "Piestany"]
[Date "2023.07.18"]
[Round "8"]
[White "Durana, Jonas"]
[Black "Janouskova, Adela"]
[Result "1-0"]
[WhiteElo "1991"]
[BlackElo "1511"]
[PlyCount "103"]
[EventDate "2023.07.11"]
[EventType "swiss"]
[EventRounds "9"]
[EventCountry "SVK"]
[SourceTitle "EXT 2024"]
[Source "ChessBase"]
[SourceDate "2023.10.10"]
[SourceVersion "1"]
[SourceVersionDate "2023.10.10"]
[SourceQuality "1"]

1. e4 c5 2. Nc3 Nc6 3. Bb5 g6 4. Bxc6 bxc6 5. f4 Bg7 6. Nf3 d5 7. e5 e6 8. 0-0 Ne7 9. d3 0-0 10. Qe1 Nf5 11. Qf2 d4 12. Ne4 Qb6 13. g4 Ne7 14. Nf6+ Bxf6 15. exf6 Nd5 16. Qh4 Qd8 17. g5 h5 18. Ne5 Bd7 19. Rf3 Rb8 20. Qe1 Be8 21. Rh3 Nb4 22. Qe2 Nd5 23. b3 Nc3 24. Qe1 Qd5 25. Bb2 Nb5 26. Qe2 Nd6 27. Nc4 Nxc4 28. dxc4 Qf5 29. Rh4 Bd7 30. Re1 Rfe8 31. Qe4 a6 32. Qxf5 exf5 33. Kf2 Rxe1 34. Kxe1 Re8+ 35. Kd2 Re3 36. Ba3 Rf3 37. Bxc5 Be6 38. Bxd4 Rf1 39. Be5 Kf8 40. Rh3 Ke8 41. Re3 Kd7 42. h3 Kc8 43. Kc3 Kb7 44. Kb4 Rf2 45. Bd4 Rxf4 46. Rxe6 Rxd4 47. Re7+ Kc8 48. Rxf7 Rd7 49. Rxd7 Kxd7 50. Kc5 Ke6 51. b4 h4 52. a4 1-0

[Event "CZE-ch U16 Girls"]
[Site "Teplice"]
[Date "2023.03.13"]
[Round "3"]
[White "Cinkova, Vicky"]
[Black "Janouskova, Adela"]
[Result "1-0"]
[WhiteElo "1285"]
[BlackElo "1558"]
[PlyCount "135"]
[EventDate "2023.03.11"]
[EventType "swiss"]
[EventRounds "9"]
[EventCountry "CZE"]
[SourceTitle "CBM 213 Extra"]
[Source "ChessBase"]
[SourceDate "2023.05.31"]
[SourceVersion "1"]
[SourceVersionDate "2023.05.31"]
[SourceQuality "1"]

1. c4 f5 2. Nc3 Nf6 3. g3 g6 4. Bg2 Bg7 5. d3 0-0 6. Nf3 d6 7. 0-0 Nbd7 8. Bd2 e5 9. b4 Re8 10. Rc1 Rb8 11. a4 b6 12. Qc2 Bb7 13. Rb1 a6 14. Qa2 Kf8 15. a5 bxa5 16. bxa5 Nc5 17. Na4 Nfd7 18. Bb4 Ne6 19. Qa3 Kg8 20. c5 dxc5 21. Nxc5 Ndxc5 22. Bxc5 Nxc5 23. Qxc5 h6 24. Rfc1 c6 25. Nh4 Qf6 26. Bxc6 Bxc6 27. Rxb8 Rxb8 28. Qxc6 Rf8 29. Qd5+ Kh7 30. Rc6 Qg5 31. Rxa6 Qc1+ 32. Kg2 g5 33. Ng6 Re8 34. Qf7 Qc8 35. Ra7 Qc6+ 36. f3 Qxg6 37. Qxg6+ Kxg6 38. Rb7 Ra8 39. Rb6+ Kf7 40. a6 Kf8 41. f4 e4 42. dxe4 fxe4 43. fxg5 hxg5 44. Kh3 Bd4 45. Re6 e3 46. Kg4 Kf7 47. Re4 Bb6 48. Ra4 Kg6 49. h4 gxh4 50. gxh4 Rd8 51. a7 Ra8 52. Ra6 Rxa7 53. Rxb6+ Kh7 54. Re6 Ra4+ 55. Kg3 Ra3 56. Kf3 Ra4 57. h5 Rh4 58. h6 Rxh6 59. Rxh6+ Kxh6 60. Kxe3 Kg6 61. Ke4 Kf6 62. Kd5 Ke7 63. e3 Kf6 64. e4 Kf7 65. Kd6 Ke8 66. e5 Kd8 67. e6 Ke8 68. e7 1-0

[Event "Piestany Slovakia op-B"]
[Site "Piestany"]
[Date "2022.07.15"]
[Round "6"]
[White "Janouskova, Adela"]
[Black "Ganzova, Veronika"]
[Result "1-0"]
[WhiteElo "1498"]
[BlackElo "1696"]
[PlyCount "67"]
[EventDate "2022.07.11"]
[EventType "swiss"]
[EventRounds "9"]
[EventCountry "SVK"]
[SourceTitle "CBM 209 Extra"]
[Source "ChessBase"]
[SourceDate "2022.09.30"]
[SourceVersion "1"]
[SourceVersionDate "2022.09.30"]
[SourceQuality "1"]

1. e4 Nc6 2. Nf3 d5 3. exd5 Qxd5 4. d4 Bg4 5. Be2 0-0-0 6. Be3 Qh5 7. 0-0 e5 8. h3 Bxf3 9. Bxf3 Qg6 10. Bxc6 bxc6 11. c3 c5 12. Qa4 exd4 13. cxd4 Qb6 14. dxc5 Bxc5 15. Qg4+ Kb8 16. Qg5 Be7 17. Qxg7 Bf6 18. Qxf7 Qd6 19. Qb3+ Ka8 20. Qa4 Bd4 21. Bxd4 Qxd4 22. Qxd4 Rxd4 23. Nc3 Nf6 24. Rad1 Rh4 25. Rd3 Rg8 26. Rfd1 Kb7 27. Kf1 Nh5 28. Rd4 Rf4 29. g4 Rxd4 30. Rxd4 Nf6 31. Nd5 Nxd5 32. Rxd5 Rf8 33. Rh5 Rf7 34. Ke2 1-0

[Event "EU-ch Schools U15 Girls"]
[Site "Rhodes"]
[Date "2022.04.23"]
[Round "3"]
[White "Akat, Elifnaz"]
[Black "Janouskova, Adela"]
[Result "1-0"]
[WhiteElo "1769"]
[BlackElo "1498"]
[PlyCount "83"]
[EventDate "2022.04.21"]
[EventType "swiss"]
[EventRounds "9"]
[EventCountry "GRE"]
[SourceTitle "CBM 208 Extra"]
[Source "ChessBase"]
[SourceDate "2022.07.31"]
[SourceVersion "1"]
[SourceVersionDate "2022.07.31"]
[SourceQuality "1"]

1. e4 c5 2. Nc3 Nc6 3. g3 d6 4. Bg2 g6 5. d3 Bg7 6. f4 e6 7. Nf3 Nge7 8. 0-0 0-0 9. Be3 Nd4 10. Rb1 Nec6 11. Ne2 Rb8 12. c3 Nxf3+ 13. Bxf3 Qc7 14. d4 cxd4 15. Nxd4 Nxd4 16. Bxd4 b6 17. Bxg7 Kxg7 18. Qd4+ Kg8 19. Rbd1 Qc5 20. Kh1 Ba6 21. Rf2 Rfd8 22. Rfd2 d5 23. f5 gxf5 24. exf5 exf5 25. Qf4 Bb7 26. Qxf5 Qe7 27. Re2 Qf8 28. Rd4 Rd6 29. Bh5 Bc8 30. Qg5+ Kh8 31. Qf4 Be6 32. Rf2 Rd7 33. Qe5+ Kg8 34. Rff4 h6 35. Rg4+ Kh7 36. Rh4 Rbb7 37. Be2 Qg7 38. Bd3+ Kg8 39. Rdg4 Bxg4 40. Qe8+ Qf8 41. Rxg4+ Kh8 42. Qxf8# 1-0

[Event "CZE-ch U14 Girls"]
[Site "Luhacovice"]
[Date "2022.03.17"]
[Round "7"]
[White "Barteckova, Denisa"]
[Black "Janouskova, Adela"]
[Result "1-0"]
[WhiteElo "1323"]
[BlackElo "1585"]
[PlyCount "81"]
[EventDate "2022.03.12"]
[EventType "swiss"]
[EventRounds "9"]
[EventCountry "CZE"]
[SourceTitle "EXT 2023"]
[Source "ChessBase"]
[SourceDate "2022.10.05"]
[SourceVersion "1"]
[SourceVersionDate "2022.10.05"]
[SourceQuality "1"]

1. e4 c5 2. Nf3 Nc6 3. d4 cxd4 4. Nxd4 Nf6 5. Nc3 e5 6. Ndb5 d6 7. Bg5 a6 8. Na3 b5 9. Nd5 Be7 10. Nxe7 Qxe7 11. c3 h6 12. Bh4 g5 13. Bg3 Be6 14. f3 Nh5 15. Nc2 Nxg3 16. hxg3 Qd7 17. a4 Rb8 18. axb5 axb5 19. Ne3 Ne7 20. Qd3 f5 21. exf5 Nxf5 22. Nxf5 Bxf5 23. Qd5 Be6 24. Qe4 Bf5 25. Qe3 Qg7 26. Ra7 Qf6 27. Ra6 0-0 28. g4 Bc8 29. Ra7 Be6 30. Qe4 Rf7 31. Rxf7 Bxf7 32. Bd3 Qg7 33. Qc6 Bg6 34. Qd5+ Bf7 35. Qxd6 Ra8 36. Rxh6 Ra1+ 37. Kd2 Rg1 38. Qd8+ Qf8 39. Rh8+ Kxh8 40. Qxf8+ Bg8 41. Qf6# 1-0

[Event "CZE-ch U14 Girls"]
[Site "Luhacovice"]
[Date "2022.03.16"]
[Round "6"]
[White "Janouskova, Adela"]
[Black "Cinkova, Vicky"]
[Result "1-0"]
[WhiteElo "1585"]
[BlackElo "1317"]
[PlyCount "53"]
[EventDate "2022.03.12"]
[EventType "swiss"]
[EventRounds "9"]
[EventCountry "CZE"]
[SourceTitle "EXT 2023"]
[Source "ChessBase"]
[SourceDate "2022.10.05"]
[SourceVersion "1"]
[SourceVersionDate "2022.10.05"]
[SourceQuality "1"]

1. e4 b6 2. d4 Bb7 3. Nc3 e6 4. Nf3 Bb4 5. Bd3 Nf6 6. Qe2 d5 7. e5 Ne4 8. Bd2 c5 9. Nxe4 dxe4 10. Bxe4 Bxe4 11. Qxe4 Bxd2+ 12. Nxd2 Qd5 13. dxc5 bxc5 14. c4 Qxe4+ 15. Nxe4 Nd7 16. f4 0-0 17. 0-0-0 Rfd8 18. b3 f6 19. exf6 Nxf6 20. Nxc5 Re8 21. Rhe1 Ng4 22. h3 Nh6 23. Nxe6 Nf5 24. g4 Nh6 25. f5 Kh8 26. Rd7 a5 27. Red1 1-0

[Event "CZE-ch U14"]
[Site "Herlikovice"]
[Date "2021.10.28"]
[Round "7"]
[White "Janouskova, Adela"]
[Black "Mikolas, Petr"]
[Result "1-0"]
[WhiteElo "1627"]
[BlackElo "1432"]
[PlyCount "41"]
[EventDate "2021.10.23"]
[EventType "swiss"]
[EventRounds "9"]
[EventCountry "CZE"]
[SourceTitle "EXT 2023"]
[Source "ChessBase"]
[SourceDate "2022.10.05"]
[SourceVersion "1"]
[SourceVersionDate "2022.10.05"]
[SourceQuality "1"]

1. e4 e5 2. Nf3 Nc6 3. Nc3 d6 4. d4 exd4 5. Nxd4 Bd7 6. Be3 Be7 7. Be2 Nxd4 8. Bxd4 Bf6 9. 0-0 Bxd4 10. Qxd4 Qf6 11. Qb4 b6 12. Nd5 Qd8 13. Qc3 Nf6 14. Nxc7+ Kf8 15. Nxa8 Qxa8 16. Bf3 Qc6 17. Qa3 Qc7 18. e5 Ne8 19. Rad1 Qxc2 20. exd6 a6 21. Qe3 1-0

[Event "CZE-ch U14"]
[Site "Herlikovice"]
[Date "2021.10.27"]
[Round "5"]
[White "Janouskova, Adela"]
[Black "Bartak, Josef"]
[Result "1/2-1/2"]
[WhiteElo "1627"]
[BlackElo "1433"]
[PlyCount "77"]
[EventDate "2021.10.23"]
[EventType "swiss"]
[EventRounds "9"]
[EventCountry "CZE"]
[SourceTitle "EXT 2023"]
[Source "ChessBase"]
[SourceDate "2022.10.05"]
[SourceVersion "1"]
[SourceVersionDate "2022.10.05"]
[SourceQuality "1"]

1. e4 e5 2. Nf3 Nc6 3. d4 exd4 4. Nxd4 Bc5 5. Be3 Qf6 6. c3 Nge7 7. Bc4 0-0 8. 0-0 Rd8 9. Nxc6 Qxc6 10. Bxf7+ Kxf7 11. Qh5+ Ng6 12. Qxc5 Qxc5 13. Bxc5 b6 14. Be3 Re8 15. f3 d5 16. Nd2 Kg8 17. Bf2 Bb7 18. exd5 Re2 19. Rad1 Bxd5 20. Rfe1 Rae8 21. Rxe2 Rxe2 22. Kf1 Re7 23. c4 Bf7 24. b3 Rd7 25. Bg3 Ne7 26. Bf4 Ng6 27. Bg3 Ne7 28. Ke1 Nf5 29. Bf2 Re7+ 30. Kf1 Nd6 31. Re1 Rd7 32. Ne4 Nxe4 33. fxe4 Re7 34. Bg3 Bg6 35. e5 Kf7 36. Kf2 Ke6 37. Ke3 Rd7 38. Rc1 c6 39. Re1 1/2-1/2

[Event "CZE-ch U14"]
[Site "Herlikovice"]
[Date "2021.10.26"]
[Round "4"]
[White "Marsik, Ondrej"]
[Black "Janouskova, Adela"]
[Result "0-1"]
[WhiteElo "1290"]
[BlackElo "1627"]
[PlyCount "66"]
[EventDate "2021.10.23"]
[EventType "swiss"]
[EventRounds "9"]
[EventCountry "CZE"]
[SourceTitle "EXT 2023"]
[Source "ChessBase"]
[SourceDate "2022.10.05"]
[SourceVersion "1"]
[SourceVersionDate "2022.10.05"]
[SourceQuality "1"]

1. e4 c5 2. Nf3 Nc6 3. d4 cxd4 4. Nxd4 Nf6 5. Nc3 e5 6. Ndb5 d6 7. Nd5 Nxd5 8. exd5 Nb8 9. Be3 a6 10. Nc3 Be7 11. Be2 0-0 12. 0-0 f5 13. f4 e4 14. Na4 Nd7 15. h3 b5 16. Nc3 Nf6 17. Bd4 Bb7 18. Bxf6 Bxf6 19. a3 Qc7 20. g4 Bxc3 21. bxc3 Qxc3 22. gxf5 Qg3+ 23. Kh1 Qxh3+ 24. Kg1 Qxf5 25. c4 bxc4 26. Bxc4 Rf6 27. Ra2 Rg6+ 28. Kh1 Rh6+ 29. Kg1 Qh3 30. Kf2 Rf8 31. Ke1 Qc3+ 32. Qd2 Qxc4 33. Rg1 Rg6 0-1

[Event "CZE-ch U14"]
[Site "Herlikovice"]
[Date "2021.10.24"]
[Round "2"]
[White "Meca, Viktor1111"]
[Black "Janouskova, Adela"]
[Result "0-1"]
[WhiteElo "1370"]
[BlackElo "1627"]
[PlyCount "54"]
[EventDate "2021.10.23"]
[EventType "swiss"]
[EventRounds "9"]
[EventCountry "CZE"]
[SourceTitle "EXT 2023"]
[Source "ChessBase"]
[SourceDate "2022.10.05"]
[SourceVersion "1"]
[SourceVersionDate "2022.10.05"]
[SourceQuality "1"]

1. e4 c5 2. Nf3 Nc6 3. d4 cxd4 4. Nxd4 Nf6 5. Nc3 e5 6. Nb3 Bb4 7. Bd3 d5 8. exd5 Nxd5 9. Bd2 Nxc3 10. bxc3 Be7 11. h4 Qd5 12. Qe2 Be6 13. f3 f5 14. Bg5 Bxg5 15. hxg5 0-0-0 16. 0-0-0 Qd6 17. Bxf5 Qa3+ 18. Kb1 Bxf5 19. g4 Bg6 20. Qc4 Qe7 21. Na5 Qc7 22. Nb3 Rxd1+ 23. Rxd1 Rd8 24. Rxd8+ Qxd8 25. Nc5 Qd1+ 26. Kb2 Qxc2+ 27. Ka3 Qc1+ 0-1

[Event "EU Union-ch U14"]
[Site "Kouty nad Desnou"]
[Date "2021.08.20"]
[Round "7.6"]
[White "Lang, Simon"]
[Black "Janouskova, Adela"]
[Result "1-0"]
[WhiteElo "1795"]
[BlackElo "1622"]
[PlyCount "99"]
[EventDate "2021.08.14"]
[EventType "swiss"]
[EventRounds "9"]
[EventCountry "CZE"]
[SourceTitle "EXT 2022"]
[Source "ChessBase"]
[SourceDate "2021.10.06"]
[SourceVersion "1"]
[SourceVersionDate "2021.10.06"]
[SourceQuality "1"]

1. e4 c5 2. Nf3 a6 3. d4 cxd4 4. Nxd4 Nf6 5. Nc3 e5 6. Nb3 Bb4 7. Qd3 d5 8. a3 Bxc3+ 9. Qxc3 d4 10. Qg3 Nc6 11. Bd3 0-0 12. 0-0 Kh8 13. Bd2 Qe7 14. Rae1 Be6 15. Na5 Qc7 16. Nxc6 bxc6 17. Qh4 c5 18. b3 c4 19. bxc4 Bxc4 20. f4 Bxd3 21. cxd3 exf4 22. Bxf4 Qc3 23. Rf3 Rg8 24. Bg5 Qc6 25. Rh3 h6 26. Bxh6 Nh7 27. Bg5 Qg6 28. Rf1 Raf8 29. Bd2 f6 30. Rf4 f5 31. Qxh7+ Qxh7 32. Rfh4 Qh6 33. Bxh6 gxh6 34. Rxh6+ Kg7 35. Rxa6 fxe4 36. dxe4 Rd8 37. Rg3+ Kf7 38. Rf3+ Kg7 39. Ra5 d3 40. Rd5 d2 41. Rfd3 Rc8 42. Rxd2 Rgf8 43. Rf5 Rc1+ 44. Kf2 Re8 45. Rf4 Ra1 46. Rd3 Ra2+ 47. Kg3 Kh6 48. Kh3 Ra8 49. Rg3 Ra5 50. Rf5 1-0

[Event "EU Union-ch U14"]
[Site "Kouty nad Desnou"]
[Date "2021.08.15"]
[Round "2.6"]
[White "Janouskova, Adela"]
[Black "Artan, Tamir"]
[Result "1-0"]
[WhiteElo "1622"]
[BlackElo "1473"]
[PlyCount "81"]
[EventDate "2021.08.14"]
[EventType "swiss"]
[EventRounds "9"]
[EventCountry "CZE"]
[SourceTitle "EXT 2022"]
[Source "ChessBase"]
[SourceDate "2021.10.06"]
[SourceVersion "1"]
[SourceVersionDate "2021.10.06"]
[SourceQuality "1"]

1. e4 e5 2. Nf3 Nc6 3. d4 exd4 4. Nxd4 Nf6 5. Nxc6 bxc6 6. e5 Qe7 7. Qe2 Nd5 8. c4 Nb6 9. Bf4 Ba6 10. Nd2 Qb4 11. b3 Nd5 12. Bg3 Qc3 13. Qd1 Nb4 14. Rc1 Nd3+ 15. Bxd3 Qxd3 16. Qf3 Qxf3 17. Nxf3 Bb4+ 18. Nd2 0-0 19. Rd1 d5 20. exd6 Rfe8+ 21. Kf1 cxd6 22. Nf3 d5 23. Ne5 dxc4 24. Nxc4 Rad8 25. Rxd8 Rxd8 26. Ke2 Bxc4+ 27. bxc4 Rd2+ 28. Kf3 Rxa2 29. Rb1 c5 30. Bd6 Rd2 31. Bb8 a5 32. Ke3 Rd4 33. Bc7 a4 34. Rxb4 cxb4 35. Kxd4 a3 36. Kd3 b3 37. Be5 f6 38. Bd4 Kf7 39. Kc3 b2 40. Kc2 Ke6 41. Bc5 1-0

[Event "EU Union-ch U14"]
[Site "Kouty nad Desnou"]
[Date "2021.08.14"]
[Round "1.1"]
[White "Kanov, Nikola"]
[Black "Janouskova, Adela"]
[Result "1-0"]
[WhiteElo "2199"]
[BlackElo "1622"]
[PlyCount "67"]
[EventDate "2021.08.14"]
[EventType "swiss"]
[EventRounds "9"]
[EventCountry "CZE"]
[SourceTitle "EXT 2022"]
[Source "ChessBase"]
[SourceDate "2021.10.06"]
[SourceVersion "1"]
[SourceVersionDate "2021.10.06"]
[SourceQuality "1"]

1. e4 c5 2. Nf3 Nc6 3. d4 cxd4 4. Nxd4 Nf6 5. Nc3 e5 6. Ndb5 d6 7. Bg5 a6 8. Na3 b5 9. Nd5 Be7 10. Bxf6 Bxf6 11. c4 b4 12. Nc2 0-0 13. g3 a5 14. Bg2 g6 15. Nxf6+ Qxf6 16. 0-0 Qe7 17. b3 Be6 18. f4 exf4 19. gxf4 Rac8 20. Ne3 Rfd8 21. Qd2 f6 22. f5 Bf7 23. fxg6 hxg6 24. Ng4 Ne5 25. Nxf6+ Kg7 26. Qg5 Qa7+ 27. Kh1 Nd3 28. Ng4 Rh8 29. Rad1 Ne5 30. Rxd6 Nxg4 31. Qxg4 Qc7 32. Rxf7+ Qxf7 33. Rd7 Qxd7 34. Qxd7+ 1-0

[Event "Wch FIDE Online U12 Girls Europe qual"]
[Site "Tornelo INT"]
[Date "2020.12.07"]
[Round "2"]
[White "Janouskova, Adela"]
[Black "Arora, Tashika"]
[Result "0-1"]
[WhiteElo "1214"]
[BlackElo "1413"]
[PlyCount "110"]
[EventDate "2020.12.07"]
[EventType "swiss (rapid)"]
[EventRounds "7"]
[EventCountry "ISS"]
[SourceTitle "EXT 2022"]
[Source "ChessBase"]
[SourceDate "2021.10.06"]
[SourceVersion "1"]
[SourceVersionDate "2021.10.06"]
[SourceQuality "1"]

1. e4 c5 2. c3 Nf6 3. e5 Nd5 4. d4 cxd4 5. cxd4 d6 6. exd6 e6 7. Nf3 Bxd6 8. Be2 0-0 9. 0-0 Nc6 10. Nc3 Bc7 11. Be3 Bb6 12. Qd3 Ndb4 13. Qd1 Nd5 14. Qd3 Nxe3 15. fxe3 Re8 16. a3 e5 17. d5 Ne7 18. Kh1 Nf5 19. e4 Ne3 20. Rfe1 Ng4 21. Nd1 Bd7 22. h3 Nf6 23. Nc3 Rc8 24. Rac1 Nh5 25. Bd1 Qf6 26. Qd2 Qf4 27. Qxf4 exf4 28. Ne2 Rxc1 29. Nxc1 Ng3+ 30. Kh2 Bf2 31. Nd3 Bxe1 32. Ndxe1 Nxe4 33. Bc2 Nf6 34. Nd3 Nxd5 35. Nde5 Ne3 36. Bb3 Be6 37. Bxe6 Rxe6 38. Nd3 Rf6 39. Nde5 h6 40. Nd3 g5 41. Nde5 Rd6 42. Kh1 f6 43. Ng4 Rd1+ 44. Ng1 Nxg4 45. hxg4 Rd2 46. Kh2 Rxb2 47. Nf3 Rb3 48. Kg1 Rxa3 49. Kh2 Rc3 50. Kg1 b5 51. Kh2 b4 52. Kg1 b3 53. Nd2 b2 54. Kf2 Rc2 55. Ke1 Rxd2 0-1

[Event "EU Union-ch U12"]
[Site "Kouty nad Desnou"]
[Date "2020.08.19"]
[Round "6"]
[White "Janouskova, Adela"]
[Black "Fizer, Marek"]
[Result "0-1"]
[WhiteElo "1517"]
[BlackElo "1882"]
[PlyCount "76"]
[EventDate "2020.08.14"]
[EventType "swiss"]
[EventRounds "9"]
[EventCountry "CZE"]
[SourceTitle "EXT 2021"]
[Source "ChessBase"]
[SourceDate "2020.10.23"]
[SourceVersion "1"]
[SourceVersionDate "2020.10.23"]
[SourceQuality "1"]

1. e4 c5 2. c3 d5 3. exd5 Qxd5 4. d4 g6 5. Nf3 Bg7 6. Be2 Nf6 7. 0-0 0-0 8. Be3 cxd4 9. cxd4 Nc6 10. Nc3 Qa5 11. Qd2 Rd8 12. Rfd1 Bg4 13. Qc2 Rac8 14. Qb3 Rc7 15. Ng5 Rf8 16. f3 Bd7 17. Bf4 Rcc8 18. Qxb7 Rb8 19. Qa6 Qxa6 20. Bxa6 Rxb2 21. Be3 Nb4 22. Bd3 Rc8 23. Nce4 Ba4 24. Bc1 Bxd1 25. Bxb2 Nxd3 26. Rxd1 Nxb2 27. Rb1 Nd3 28. Nxf6+ Bxf6 29. Ne4 Bxd4+ 30. Kf1 Rc1+ 31. Rxc1 Nxc1 32. Ke1 Nxa2 33. Kd2 f5 34. Ng3 e5 35. Ne2 Nb4 36. f4 a5 37. Nxd4 exd4 38. g3 a4 0-1